| 000 | 00942nam a22002057a 4500 | ||
|---|---|---|---|
| 999 |
_c7471 _d7471 |
||
| 003 | AR-CdUCM | ||
| 008 | 190320b ||||| |||| 00| 0 spa d | ||
| 040 |
_aMUNICIPALIDAD PROVINCIAL DEL CUSCO _cBIBLIOTECA MUNICIPAL DEL CUSCO |
||
| 082 |
_a612.8 / _bW66 |
||
| 100 |
_aWiener, N. _921070 |
||
| 245 | _aSobre modelos de los nervios, el cerebro y la memoria / | ||
| 260 |
_aMadrid : _bTecnos, _c1969. |
||
| 300 |
_a373 páginas ; _bIlustraciones, _c23 cm. |
||
| 500 | _aTitulo original: Nerve, brain and memory models. | ||
| 505 | _aIntroducción a la neurocibernética -- Experimentos con un modelo de nervio sobre fluctuaciones de la excitabilidad -- El ataque al problema de la integración biológica con los métodos del ingeniero -- La neurona como unidad sincrónica -- Los autómatas finitos y el sistema nervioso ... | ||
| 650 |
_aNeurocibernética _921071 |
||
| 700 |
_aSchadé, J. P. _921072 |
||
| 942 |
_2ddc _cLIBROS |
||
| 945 | _aacv | ||